| 000 | 00969nam a22002297a 4500 | ||
|---|---|---|---|
| 999 |
_c3406 _d3406 |
||
| 005 | 20231220111217.0 | ||
| 008 | 231220b ||||| |||| 00| 0 eng d | ||
| 020 | _a9781444922271 | ||
| 040 | _cKH8 | ||
| 082 | _a823 FRE | ||
| 100 |
_aFrench, Vivian _eAuthor |
||
| 245 |
_aDragons Can't Swim/ _cVivian French |
||
| 260 |
_aLondon, UK, _bHodder Headline, _c2015 |
||
| 300 |
_a144 pages ; _c 20 cm |
||
| 440 |
_a French, Vivian. Knight in training., _v 1 |
||
| 520 | _aSam J. Butterbiggins' only ambition is to be a Very Noble Knight, but he has a problem - he's been packed off to the castle next door to stay with his aunt and uncle while his parents are away. Not only does he have to put up with his annoying cousin Prune, there's also the weird creatures his aunt looks after to contend with! | ||
| 650 | _aChildren's stories | ||
| 650 | _aEnglish fantasy fiction | ||
| 650 | _aFantasy fiction | ||
| 700 |
_aMelling, David, _eIllustrator |
||
| 942 |
_2ddc _cFIC |
||